Normal view
MARC view
Entry Topical Term
001 - CONTROL NUMBER
- control field: 24075
003 - CONTROL NUMBER IDENTIFIER
- control field: OSt
005 - DATE AND TIME OF LATEST TRANSACTION
- control field: 20140121101102.0
008 - FIXED-LENGTH DATA ELEMENTS
- fixed length control field: 140121|| aca||aabn | a|a d
040 ## - CATALOGING SOURCE
- Original cataloging agency: OSt
- Transcribing agency: OSt
600 ## -
- : History, Modern
- : 20th century.
670 ## - SOURCE DATA FOUND
- Source citation: Work cat.: (OSt)0: Colton, Joel, 1918-2011. 18014, Twentieth century,, [1968]
